000
00297nam a22001337a 4500
020
_a
978-81-943727-0-7
082
_a
894.812.3
_b
KAL/K
100
_a
KALLOOR,RAJI
245
_a
KUNJITHAVALAYUDE AHANKARAM
260
_a
THRISSUR
_b
H&C STORES
300
_a
48
650
_a
STORY
_z
KERALA
942
_c
BK
999
_c
7105
_d
7105